00843nam a2200241Ia 4500008004100000020001900041050001600060050001800076100002600094245001500120245004100135245007000176260001700246260002600263260000900289300001600298300002000314300001100334650005500345650005700400999001900457952012500476160418s9999 xx 000 0 und d a971-921-05-5-9 aFIL PL 6051 b.G55 2002 c.2 aGlinofria, Maurita L. aHasik II : bwika at panitikan : batayang aklat / cMaurita L. Glinofria, Francisca C. Francia, Concepcion S. Quinto. aMakati City: bCoga Pub. House Inc., c2002 a402 pages : billustrations ; c25 cm. aFilipino language -- Study and teaching (Higher).  xFilipino language -- Rhetoric -- Study and teaching. c293419d293419 001040aSMCbSMCcFILd2005-03-07g264.00l0oFIL PL 6051 .G55 2002 c.2pSMC01674r2016-04-18 00:00:00w2016-04-18yBK